LOTR: Residents of Middle-Earth: Doriath - Statistics

General Stats
  • This quiz has been taken 46 times
  • The average score is 17 of 26
Answer Stats
Answer % Correct
Elu Thingol First King of Doriath. Killed by dwarven craftsmen of Nogrod coveting the Nauglamír and the Silmaril.
92%
Lúthien Only daughter of the King. The fairest maiden amongst all the Children of Ilúvatar to have ever lived.
92%
Melian Queen of Doriath, a Maia associated with songbirds
88%
Elwing Only daughter of #4 and #5. She escaped the Second Kinslaying with the Silmaril and fled to the Havens of Sirion.
85%
Galadriel Arrived as a guest in Doriath, where she met her later husband #11 and spent much time with the first Queen, from whom she learned much of the wisdom of Middle-earth. She travelled to Eriador with her husband before the end of the First Age.
85%
Beleg Chief of the marchwardens of Doriath. One of only two Elves of Doriath who took part in the Nirnaeth Arnoediad. He was considered to be the best archer and huntsman of his time. He became a friend and brother-in-arms of #16. he was accidentally killed by #16 after rescuing him from an Orc-band.
81%
Celeborn The son of #10 and the grand-nephew of the first King of Doriath. He met his wife #13 in Doriath. the following Ages he travelled across Middle-Earth with his wife eventually becoming the lord of Lothlorien during the War of the Ring.
81%
Thranduil Son of #24. His birth date and early life are not recorded, but it is assumed he spent his early life in Doriath with his father. Became king of the Woodland Realm after his father's death and had one son, who became part of the Fellowship of the Ring.
81%
Túrin Adopted as a fosterson by the first King of Doriath. He fled Doriath after accidentally causing the death of #18, who had provoked and attacked him.
81%
Dior Second King of Doriath, son of #3 and first of the Half-elven. Slain in the second Kinslaying.
77%
Finrod Arrived as a guest in Doriath, together with his sister #13. He eventually departed to establish the stronghold of Nargothrond.
77%
Treebeard The oldest of the Ents. He recalled coming to the beeches of Neldoreth (in Doriath) in autumn and enjoying the gold and red and sighing leaves of Taur-na-neldor.
77%
Morwen Mother of #16. Fled to Doriath seeking her son, only to find out that her son had exiled himself. She left Doriath when she heared her son was serving the king of Nargothrond.
73%
Nienor Sister of #16. Fled to Doriath with her mother. Secretly joined her mother when she left Doriath.
69%
Eluréd Son of #4 and #5 and twin brother of #7. Presumably died when he was taken into the woods and left to starve by the servants of Celegorm, in retribution for their lord's death during the Second Kinslaying.
65%
Elurín Son of #4 and #5 and twin brother of #6. Presumably died when he was taken into the woods and left to starve by the servants of Celegorm, in retribution for their lord's death during the Second Kinslaying.
65%
Mablung A captain and marchwarden to the King of Doriath. One of only two Elves of Doriath who took part in the Nirnaeth Arnoediad. He was slain in the Battle of the Thousand Caves by the Dwarves of Nogrod.
65%
Nimloth Second Queen of Doriath. Slain in the second Kinslaying.
65%
Oropher He spent his early life in Doriath. Later he moved to Lindon and eventually he travelled to Greenwood the Great where he founded the Woodland Realm. He was killed during the War of the Last Alliance.
65%
Daeron Loremaster, minstrel and skilled linguist. He invented the Cirth alphabet. He was in love with #3 but she did not return his love.
62%
Saeros A member of the King's court. he was jealous of #16. Died when he fell into a ravine after unsuccesfully trying to ambush #16.
50%
Elmo The younger brother of the first King of Doriath.
46%
Nellas An Elf-maiden, who lived in the woods near Menegroth. A tutor of #16. She watched over him whenever he went into the woods during his boyhood years.
35%
Galadhon The son of #9 and the nephew of the first King of Doriath.
31%
Galathil The son of #10 and the grand-nephew of the first King of Doriath. Brother of #11 and father of #5.
27%
Ithilbor Chief of the Guest-elves, and a member of the King's council. Father of #18.
8%
No matching quizzes found
Score Distribution
Percent of People with Each Score
Percentile by Number Answered
Your Score History
You have not taken this quiz